| 000 | 00457nam a2200121Ia 4500 | ||
|---|---|---|---|
| 008 | 160609s9999 xx 000 0 und d | ||
| 100 | _aHoulahan, Michael. | ||
| 245 | _aKodály In The Fifth Grade Classroom: Developing The Creative Brain In The 21st Century | ||
| 245 | _cBy:Micheal Houlahan, Philip Tacka | ||
| 260 | _c2015 | ||
| 650 | _xCHILD & ADOLESCENT DEVELOPMENT | ||
| 856 | _uhttp://file.ebook777.com/011/KodInTheFifGraClaDevTheCreBraInThe21sCen.pdf | ||
| 999 |
_c295887 _d295887 |
||